Library Banner

Understanding disability policies (Record no. 46567)

MARC details
000 -LEADER
fixed length control field 00474nam a2200193Ia 4500
001 - CONTROL NUMBER
control field 48775
008 - FIXED-LENGTH DATA ELEMENTS--GENERAL INFORMATION
fixed length control field 140430s9999 xx 000 0 und d
020 ## - INTERNATIONAL STANDARD BOOK NUMBER
International Standard Book Number 0333724275
040 ## - CATALOGING SOURCE
Transcribing agency PK-LaUMT
082 ## - DEWEY DECIMAL CLASSIFICATION NUMBER
Classification number 346.013
Item number DRA-U
100 ## - MAIN ENTRY--PERSONAL NAME
Personal name Drake, Robert F.
245 ## - TITLE STATEMENT
Title Understanding disability policies
Statement of responsibility, etc Drake, Robert F.
260 ## - PUBLICATION, DISTRIBUTION, ETC. (IMPRINT)
Place of publication, distribution, etc London,UK:
Name of publisher, distributor, etc Macmillan,
Date of publication, distribution, etc 1999
300 ## - PHYSICAL DESCRIPTION
Extent 244 p.
500 ## - GENERAL NOTE
General note Photocopy
546 ## - LANGUAGE NOTE
Language note EN
650 ## - SUBJECT ADDED ENTRY--TOPICAL TERM
Topical term or geographic name as entry element Disability law
942 ## - ADDED ENTRY ELEMENTS (KOHA)
Koha item type Books
Holdings
Withdrawn status Lost status Source of classification or shelving scheme Damaged status Not for loan Home library Current library Date acquired Total Checkouts Full call number Barcode Date last seen Price effective from Koha item type
    Dewey Decimal Classification     UMT Main Campus UMT Main Campus 2014-04-30   346.013 DRA-U 990243 2014-05-06 2014-05-06 Books
    Dewey Decimal Classification     UMT Main Campus UMT Main Campus 2014-06-27   346.013 DRA-U 990244 2014-06-27 2014-06-27 Books
    Dewey Decimal Classification     UMT Main Campus UMT Main Campus 2014-06-27   346.013 DRA-U 990245 2014-06-27 2014-06-27 Books